<?xml version="1.0" encoding="UTF-8"?>
<record
    xmlns:xsi="http://www.w3.org/2001/XMLSchema-instance"
    xsi:schemaLocation="http://www.loc.gov/MARC21/slim http://www.loc.gov/standards/marcxml/schema/MARC21slim.xsd"
    xmlns="http://www.loc.gov/MARC21/slim">

  <leader>00420nam a22001577a 4500</leader>
  <controlfield tag="008">220224b        |||||||| |||| 00| 0 eng d</controlfield>
  <datafield tag="020" ind1=" " ind2=" ">
    <subfield code="a">1305638417</subfield>
  </datafield>
  <datafield tag="050" ind1=" " ind2=" ">
    <subfield code="a">HG4521</subfield>
    <subfield code="b">.M39 2017</subfield>
  </datafield>
  <datafield tag="100" ind1=" " ind2=" ">
    <subfield code="a">Mayo, Herbert B.</subfield>
  </datafield>
  <datafield tag="245" ind1=" " ind2=" ">
    <subfield code="a">Investments :</subfield>
    <subfield code="b">an Introduction/</subfield>
    <subfield code="c">Herbert B. Mayo</subfield>
  </datafield>
  <datafield tag="250" ind1=" " ind2=" ">
    <subfield code="a">12th ed.</subfield>
  </datafield>
  <datafield tag="260" ind1=" " ind2=" ">
    <subfield code="a">Australia</subfield>
    <subfield code="b">Cengage Learning</subfield>
    <subfield code="c">2017</subfield>
  </datafield>
  <datafield tag="300" ind1=" " ind2=" ">
    <subfield code="a">xix, 813p.</subfield>
  </datafield>
  <datafield tag="650" ind1=" " ind2=" ">
    <subfield code="a">Investment</subfield>
  </datafield>
  <datafield tag="942" ind1=" " ind2=" ">
    <subfield code="2">lcc</subfield>
    <subfield code="c">BK</subfield>
  </datafield>
  <datafield tag="999" ind1=" " ind2=" ">
    <subfield code="c">19236</subfield>
    <subfield code="d">19235</subfield>
  </datafield>
  <datafield tag="952" ind1=" " ind2=" ">
    <subfield code="0">0</subfield>
    <subfield code="1">0</subfield>
    <subfield code="2">lcc</subfield>
    <subfield code="7">0</subfield>
    <subfield code="a">KABU</subfield>
    <subfield code="b">KABU</subfield>
    <subfield code="d">2022-02-24</subfield>
    <subfield code="l">1</subfield>
    <subfield code="o">HG4521 .M39 2017 c.1</subfield>
    <subfield code="p">031597</subfield>
    <subfield code="r">2025-12-08 11:20:23</subfield>
    <subfield code="s">2025-11-21</subfield>
    <subfield code="w">2022-02-24</subfield>
    <subfield code="y">BK</subfield>
  </datafield>
  <datafield tag="952" ind1=" " ind2=" ">
    <subfield code="0">0</subfield>
    <subfield code="1">0</subfield>
    <subfield code="2">lcc</subfield>
    <subfield code="7">0</subfield>
    <subfield code="a">KABU</subfield>
    <subfield code="b">KABU</subfield>
    <subfield code="d">2022-02-24</subfield>
    <subfield code="g">14996.00</subfield>
    <subfield code="l">2</subfield>
    <subfield code="o">HG4521 .M39 2017 c.2</subfield>
    <subfield code="p">34472</subfield>
    <subfield code="r">2026-02-20 08:50:53</subfield>
    <subfield code="s">2026-02-05</subfield>
    <subfield code="w">2022-02-24</subfield>
    <subfield code="y">BK</subfield>
  </datafield>
</record>
